000 nam a22 7a 4500
999 _c43969
_d43969
003 OSt
005 20180415113735.0
008 180415b xxu||||| |||| 00| 0 eng d
040 _cIIMT
100 _aROBERT,SCHALKOFF
245 _aARTFICIAL NERUL NETWORK
260 _aNEW DELHI
_bTMH
_c2011
300 _a422
942 _2ddc
_c01